| 000 | 00367nam a2200145Ia 4500 | ||
|---|---|---|---|
| 008 | 240624s9999 xx 000 0 und d | ||
| 041 | _aeng | ||
| 082 | _a657 MAR | ||
| 100 | _aMARRIOTT PRU | ||
| 245 | _aINTRODUCTION TO ACCOUNTING | ||
| 250 | _a(3rd ed.) | ||
| 260 |
_c2007 _aNew Delhi _bSage Publications |
||
| 300 | _axiv, : 537 : p. : cm. ; 23 | ||
| 365 |
_cRS _b34 |
||
| 999 |
_c11290 _d11290 |
||